000 00694nam a2200289Ia 4500
005 20260324150742.0
008 008 260324s9999 xx 000 0 eng d
020 _a9780429278150
037 _aEBOOK
040 _aCRL
040 _beng
040 _cCRL
041 _2eng
041 _aeng
084 _qCRL
100 _aF. Darmstaedter
_91227483
245 0 _aGermany and Europe
245 0 _bPolitical Tendencies From Frederick the Great to Hitler
260 _bTaylor and Francis
260 _c1945
365 _a
365 _b170
856 _uhttp://www.taylorfrancis.com/books/9780429278150
942 _cEBOOK
999 _c1837512
_d1837512